Svedomitejší prístup všetkých pracovníkov O niektorých skúsenostiach z uplatňovania Súboru opatrení

Bibliographic Details
Main Author: Jemala, Ľubomír, 1951- (Author)
Format: Article
Language:Slovak
Subjects:

MARC

LEADER 00000nab a2200000 a 4500
001 vtls000098365
003 SK-MaSNL
005 20260305024431.0
008 111104c1981 xo 0 slo
015 |a SNBRB19rr/mm-uuuuu 
035 |a CL0108468 
040 |a SNKBUCL  |b slo  |c SNKBUCL  |e AACR2 
041 0 |a slo 
044 |a xo  |c SK 
080 |a 338.2  |2 1981 
100 1 |a Jemala, Ľubomír,  |d 1951-  |4 aut  |9 108976 
245 1 0 |a Svedomitejší prístup všetkých pracovníkov  |b O niektorých skúsenostiach z uplatňovania Súboru opatrení  |c Ľubomír Jemala 
650 0 7 |a národné hospodárstvo  |2 snkbucl  |9 846 
650 0 7 |a riadenie plánovité  |2 snkbucl  |9 921774 
655 7 |a články z novín a časopisov  |2 snkbucl  |9 267496 
773 0 |t Pravda  |g Roč. 62, č. 237 (7. 10. 1981), s. 5 
850 |a Slovenská národná knižnica v Martine  |a MTA001 
852 |a SNK  |b KIS3GCP 
958 |a RK 
992 |a RBX 
999 |c 3302580  |d 3304510